Analýza obalu dat
Salvato in:
| Autore principale: | |
|---|---|
| Altri autori: | , |
| Natura: | Libro |
| Lingua: | ceco |
| Pubblicazione: |
Praha
Professional Publishing
2018
|
| Edizione: | 1. vydání |
| Soggetti: | |
| Tags: |
Nessun Tag, puoi essere il primo ad aggiungerne!!
|
MARC
| LEADER | 00000nam a2200000 4500 | ||
|---|---|---|---|
| 001 | 0279365 | ||
| 005 | 20240416113822.1 | ||
| 020 | |a 978-80-88260-12-7 | ||
| 041 | 0 | |a cze | |
| 044 | |a CZ | ||
| 245 | 1 | 0 | |a Analýza obalu dat |
| 250 | |a 1. vydání | ||
| 264 | 1 | |a Praha |b Professional Publishing |c 2018 | |
| 300 | |a 176 s. | ||
| 610 | 2 | 0 | |a dáta |
| 610 | 2 | 0 | |a analýzy |
| 610 | 2 | 0 | |a modely |
| 610 | 2 | 0 | |a náklady |
| 610 | 2 | 0 | |a výnosy |
| 610 | 2 | 0 | |a efektívnosť |
| 610 | 2 | 0 | |a indexy |
| 610 | 2 | 0 | |a softvér |
| 610 | 2 | 0 | |a analýza dát |
| 610 | 2 | 0 | |a benchmarking |
| 100 | 1 | |a Dlouhý, Martin | |
| 700 | 1 | |a Jablonský, Josef | |
| 700 | 1 | |a Zýková, Petra | |